17 Councils Of Singapore Quiz - Statistics

General Stats
  • This quiz has been taken 13 times
  • The average score is 2 of 17
Answer Stats
Hint Answer % Correct
Tampines
50%
Aljunied-Hougang
25%
Ang Mo Kio
25%
Choa Chu Kang
25%
Marine Parade
25%
only one that's not an MRT station Nee Soon
25%
Sengkang
25%
Tanjong Pagar
25%
Bishan-Toa Payoh
0%
East Coast
0%
Holland-Bukit Panjang
0%
Jalan Besar
0%
Jurong-Clementi
0%
Marsiling-Yew Tee
0%
Pasir Ris-Punggol
0%
Sembawang
0%
West Coast
0%
No matching quizzes found
Score Distribution
Percent of People with Each Score
Percentile by Number Answered
Your Score History
You have not taken this quiz